LEADER 00604nam a2200169 i 4500 001 000000104131 003 CaOOAMICUS 005 20260407105648.0 008 011102s1975 it u000 u ita u 040 $aSeMil$bita 245 10$a2: [Ca-Fa]. 300 $aP. 821-1604. 773 0 $aBattisti, Carlo <1882-1977>$tDizionario etimologico italiano.$dFirenze : Universitŕ degli Studi : Barbčra, 1975.$gVolume2$w()713 850 $aSeMil 852 $aSeMil$W1$xVenegono$y1$mSL1.A III 4/2$j269733$B60545$CSeMilBibl$Z2$F44982 $8I 996 $6245$a2: [Ca-Fa]$9(OLS)http://semarc/title/151028